000
00286nam a2200097Ia 4500
008
151021s9999 xx 000 0 und d
245
_a
_Teaching of African Literature in Schools
260
_a
Nairobi Kenya Literature Bureau 1978
300
_a
v,245p
980
_a
^d20110107 04:39:21^oanne
999
_c
5975
_d
5975